000 00657nam a2200181 i 4500
001 120193
003 ES-MaACL
005 20251012063050.0
007 t|
008 070214s1948 sp r ||||1| spa d
100 1 _aPérez Vidal, José,
_d1907-1990
_9160934
245 1 0 _aSanta Irene
_b: ( contribución al estudio de un romance tradicional) /
_cJosé Pérez Vidal.
260 _aMadrid :
_bViuda de C. Bermejo,
_c1948.
300 _a27 h. ;
_c24 cm.
500 _aEs tirada aparte de la ` Revista de Dialectología y Tradiciones Populares`, tomo IV, 1948, cuaderno 4º.
852 _aES-MaACL
_j1525-F-17
_bR.26629
999 _c120193
_d120193